000 03425nam a22002417a 4500
003 DO-SdBJH
005 20260701210807.0
008 260630b2025 |||b|||| |||| 00| 0 spa d
040 _aDO-SdBJH
_bspa
_cDO-SdBJH
041 0 _aspa
090 _aCT CM-0002
_bAMBC 2025
100 1 _aDe la Cruz Reinoso, Yadelin Esther
_esustentante
245 1 0 _aDesafíos de la 6ta Brigada de Infantería en apoyo a la seguridad ciudadana :
_bperíodo 2022-2023 /
_cYadelin Esther De la Cruz Reinoso ; asesor de contenido George Omar Tejada Pimentel ; asesor metodológico Reynaldo Cruz Camacho.
260 _aSanto Domingo, República Dominicana :
_bUNADE,
_c2025.
300 _aix, 97, [02] páginas :
_bmapa.
502 _aTesis y trabajos de grado (Licenciatura en Ciencias Militares)-- Universidad Nacional para la Defensa "General Juan Pablo Duarte y Díez", Academia Militar "Batalla de las Carreras", Santo Domingo, 2025.
504 _aIncluye referencias bibliográficas y anexos.
505 _aEvolución histórica y responsabilidades de la 6ta Brigada de Infantería en la seguridad ciudadana en a región sureste de la República Dominicana -- Principales estrategias implementadas por la 6ta Brigada de Infantería para contrarrestar las amenazas a la seguridad ciudadana en las provincias bajo su jurisdicción -- Desafíos que enfrenta la 6ta Brigada de Infantería en cuanto a las amenazas a la seguridad ciudadana en su jurisdicción.
520 _aEl presente trabajo de investigación tiene como objetivo analizar los desafíos que enfrenta la 6ta Brigada de Infantería del Ejercito de la República Dominicana en su apoyo a la seguridad ciudadana en la región suroeste en el periodo 2022-2023. El objeto de estudio propuesto en esta investigación es investigar las limitaciones experimentadas por la 6ta Brigada de Infantería para apoyar la seguridad pública dentro de su Area de Responsabilidad (AOR) en el suroeste, para el periodo 2022 a 2023. La revisión busca evaluar la efectividad de los medios desplegados, determinar las limitaciones operativas y estructurales existentes, así como recomendar ajustes que permitan fortalecer capacidades contra amenazas que incluyen el narcotráfico, contrabando, el crimen organizado y la migración irregular. Se adopto un diseño cualitativo, documental y exploratorio a partir de fuentes primarias e investigación operativa, así como fuentes secundarias como monografías institucionales, literatura especializada y documentos oficiales. El trasfondo sobre el tema se describe mediante representaciones textuales y tablas comparativas, que presentan los hallazgos más relevantes . Los hallazgos sugieren que la brigada ha logrado un impacto significativo en la reducción del crimen y el control de la fuerza ilegitima, mejorando así, la percepción de seguridad de la población. Np obstante, persisten problemas con equipos inadecuados , dificultades logísticas, capacitación del personal y coordinación interagencial. Podría ser útil actualizar los medios tecnológicos y profesionalizar al personal, mejorar la colaboración con otras instituciones y eventualmente, tener en cuenta los aspectos socioeconómicos al planificar la intervención. Estas medidas permitirán fortalecer la eficiencia de la brigada.
700 1 _aTejada Pimentel, George Omar
_easesor de contenido
700 1 _aCruz Camacho, Reynaldo
_easesor metodológico
942 _2CL
_cT
999 _c8736
_d8736